000
00252nam a22000857a 4500
008
140424b xxu||||| |||| 00| 0 eng d
020
_c
Available
082
_2
2nd Ed
245
_a
Network Security Private communication in a Public world
_c
Kaufman, Charlie
999
_c
23879
_d
23879